000 00534nam a2200181 i 4500
001 141093
003 ES-MaACL
005 20230906200223.0
007 t|
008 070919s1973 sp ||||1| spa d
020 _a84-344-7410-7
100 1 _aYudina, L. P.
_9117732
245 1 0 _aEjercicios prácticos de lengua rusa para extranjeros /
_cL. P. Yudina.
260 _aBarcelona :
_bAriel,
_c[1973]
300 _a183 p. ;
_c22 cm.
650 1 4 _aLengua rusa-
_xEjercicios prácticos.
_914318
852 _aES-MaACL
_jC-56088
_bR.88781
999 _c141093
_d141093